| 000 | 00488nam a2200205Ia 4500 | ||
|---|---|---|---|
| 005 | 20240823025036.0 | ||
| 008 | 240823s9999||||xx |||||||||||||| ||und|| | ||
| 020 | _a81-314-0529-X | ||
| 041 | _aENGLISH | ||
| 082 | _A301 P6 | ||
| 100 | _aNasreen Taher | ||
| 245 | 0 | _aMarketplace Anthopology | |
| 250 | _a1st | ||
| 260 |
_c2006 _bICFA I University |
||
| 500 | _aYES | ||
| 650 |
_aPower Sector _bManagement Studies |
||
| 700 | _a Swapna Gopalan | ||
| 942 | _cBK | ||
| 999 |
_c185366 _d185366 |
||